| Поле | Название | Значение |
| |
Тип записи |
c |
| |
Библиографический уровень |
m |
| 001 |
Контрольный номер |
RU/УОНБ/EK_N/322862065 |
| 005 |
Дата корректировки |
20250520122453.3 |
| 010 |
Индекс ISBN |
__ |
| 9 |
Тираж |
19000 экз. |
| 013 |
Номер (ISMN) |
__ |
| d |
Цена |
80 к. |
| 071 |
Издательские номер (звукозапись и ноты) |
21 |
| a |
Номер, присвоенный агентством |
8411 |
| 100 |
Данные общей обработки |
__ |
| a |
Данные общей обработки |
20210330d1988 u y0rusy0103||||ca |
| 101 |
Язык документа |
0_ |
| a |
Язык текста |
rus |
| f |
Язык титульного листа |
rus |
| 102 |
Страна публикации |
__ |
| a |
Страна публикации |
RU |
| 125 |
Кодированные данные звукозаписи и нотных изданий |
__ |
| a |
Форма изложения нотного текста |
с| |
| 128 |
Кодированные данные (звукозаписи-физические характеристики) |
__ |
| a |
Кодированные данные: Музыкальная форма и тональность или лад |
ccn |
| b |
Инструменты или голоса, необходимые для ансамблей (устаревшее) |
ka|| |
| c |
Инструменты или голоса, рекомендуемые для солистов (устаревшее) |
vu|| |
| 200 |
Заглавие и сведения об ответственности |
1_ |
| a |
Заглавие |
Песни из репертуара Людмилы Зыкиной |
| b |
Общее обозначение материала |
Ноты |
| e |
Сведения, относящиеся к заглавию |
[для голоса] в сопровожд. фп. (баяна) |
| f |
Первые сведения об ответственности |
сост. Юрий Зацарный |
| 210 |
Выходные данные |
1_ |
| a |
Место издания |
Москва |
| c |
Издательство |
Советский композитор |
| d |
Дата издания |
1988 |
| 215 |
Физическое описание |
__ |
| a |
Объем |
56 с. |
| d |
Формат |
29 см |
| 327 |
Примечание о содержании |
11 |
| a |
Примечание о содержании |
Содерж. : Пахмутова А. Сестры России ; Ты - моя надежда, ты - моя отрада / сл. Н. Добронравова. - Темнов В. Любовь моя - моя Россия / сл. А. Софронова ; Вальс фронтовых подруг / сл. П. Черняева. - Зацарный Ю. России милый уголок / сл. Е. Шевелевой ; Цвела черемуха / сл. Н. Карева. - Мартынов Ю. Если бы Земля умела говорить / сл. О. Милявского. - Аверкин А. Учись людей любить / сл. В. Бокова. - Птичкин Е. Посвящение / сл. А. Поперечного. - Пономаренко Г. Песня о маме / сл. Н. Мордовиной ; Волга-реченька / сл. Н. Палькина. - Баев А. Песня матери над колыбелью сына / сл. О. Поскребышева. - Флярковский А. Отшумело недолгое лето... / сл. В. Татаринова. - Зыкина Л. Шелковая травушка / сл. В. Бокова. - Кутузов Н. Песня в окошко стучится / сл. Е. Карасева ; Люблю тебя, моя Россия / сл. В. Шишкиной. |
| 464 |
Аналитический уровень |
_0 |
| 1 |
|
2001 |
| a |
|
Сестры России |
| e |
|
Васильковое небо над родной стороною... |
| 1 |
|
700 1 |
| a |
|
Пахмутова |
| b |
|
А. |
| 1 |
|
702 1 |
| a |
|
Добронравов |
| b |
|
Н. |
| 4 |
|
520 |
| 464 |
Аналитический уровень |
_0 |
| 1 |
|
2001 |
| a |
|
Любовь моя - моя Россия |
| e |
|
Багряным пламенем объяты... |
| 1 |
|
700 1 |
| a |
|
Темнов |
| b |
|
В. |
| 1 |
|
702 1 |
| a |
|
Софронов |
| b |
|
А. |
| 4 |
|
520 |
| 464 |
Аналитический уровень |
_0 |
| 1 |
|
2001 |
| a |
|
России милый уголок |
| e |
|
Простор небесный сизокрыл... |
| 1 |
|
700 1 |
| a |
|
Зацарный |
| b |
|
Ю. |
| 1 |
|
702 1 |
| a |
|
Шевелева |
| b |
|
Е. |
| 4 |
|
520 |
| 464 |
Аналитический уровень |
_0 |
| 1 |
|
2001 |
| a |
|
Если бы Земля умела говорить |
| e |
|
Ах, если бы Земля умела говорить... |
| 1 |
|
700 1 |
| a |
|
Мартынов |
| b |
|
Ю. |
| 1 |
|
702 1 |
| a |
|
Милявский |
| b |
|
О. |
| 4 |
|
520 |
| 464 |
Аналитический уровень |
_0 |
| 1 |
|
2001 |
| a |
|
Учись людей любить |
| e |
|
Когда уходит лето... |
| 1 |
|
700 1 |
| a |
|
Аверкин |
| b |
|
А. |
| 1 |
|
702 1 |
| a |
|
Боков |
| b |
|
В. |
| 4 |
|
520 |
| 464 |
Аналитический уровень |
_0 |
| 1 |
|
2001 |
| a |
|
Посвящение |
| e |
|
Ночные птицы прокричали за холмом... |
| 1 |
|
700 1 |
| a |
|
Птичкин |
| b |
|
Е. |
| 1 |
|
702 1 |
| a |
|
Поперечный |
| b |
|
А. |
| 4 |
|
520 |
| 464 |
Аналитический уровень |
_0 |
| 1 |
|
2001 |
| a |
|
Песня о маме |
| e |
|
За окошком вьюга белая... |
| 1 |
|
700 1 |
| a |
|
Пономаренко |
| b |
|
Г. |
| 1 |
|
702 1 |
| a |
|
Мордовина |
| b |
|
Н. |
| 4 |
|
520 |
| 464 |
Аналитический уровень |
_0 |
| 1 |
|
2001 |
| a |
|
Песня матери над колыбелью сына |
| e |
|
Как вскормлю да вспою... |
| 1 |
|
700 1 |
| a |
|
Баев |
| b |
|
А. |
| 1 |
|
702 1 |
| a |
|
Поскребышев |
| b |
|
О. |
| 4 |
|
520 |
| 464 |
Аналитический уровень |
_0 |
| 1 |
|
2001 |
| a |
|
Отшумело недолгое лето... |
| e |
|
Отшумело недолгое лето... |
| 1 |
|
700 1 |
| a |
|
Флярковский |
| b |
|
А. |
| 1 |
|
702 1 |
| a |
|
Татаринов |
| b |
|
В. |
| 4 |
|
520 |
| 464 |
Аналитический уровень |
_0 |
| 1 |
|
2001 |
| a |
|
Шелковая травушка |
| e |
|
Не вянь, шелкова травушка... |
| 1 |
|
700 1 |
| a |
|
Зыкина |
| b |
|
Л. |
| 1 |
|
702 1 |
| a |
|
Боков |
| b |
|
В. |
| 4 |
|
520 |
| 464 |
Аналитический уровень |
_0 |
| 1 |
|
2001 |
| a |
|
Песня в окошко стучится |
| e |
|
Уснули веселые птицы... |
| 1 |
|
700 1 |
| a |
|
Кутузов |
| b |
|
Н. |
| 1 |
|
702 1 |
| a |
|
Карасев |
| b |
|
Е. |
| 4 |
|
520 |
| 464 |
Аналитический уровень |
_0 |
| 1 |
|
2001 |
| a |
|
Ты - моя надежда, ты - моя отрада |
| e |
|
Слышится нам эхо давнего парада... |
| e |
|
из кф. "Битва за Москву" |
| 1 |
|
700 1 |
| a |
|
Пахмутова |
| b |
|
А. |
| 1 |
|
702 1 |
| a |
|
Добронравов |
| b |
|
Н. |
| 4 |
|
520 |
| 1 |
|
50010 |
| a |
|
Битва за Москву |
| 464 |
Аналитический уровень |
_0 |
| 1 |
|
2001 |
| a |
|
Вальс фронтовых подруг |
| e |
|
Давайте припомним, подруги... |
| 1 |
|
700 1 |
| a |
|
Темнов |
| b |
|
В. |
| 1 |
|
702 1 |
| a |
|
Черняев |
| b |
|
П. |
| 4 |
|
520 |
| 464 |
Аналитический уровень |
_0 |
| 1 |
|
2001 |
| a |
|
Цвела черемуха |
| e |
|
У тихой реченьки цвела черемуха... |
| 1 |
|
700 1 |
| a |
|
Зацарный |
| b |
|
Ю. |
| 1 |
|
702 1 |
| a |
|
Карев |
| b |
|
Н. |
| 4 |
|
520 |
| 464 |
Аналитический уровень |
_0 |
| 1 |
|
2001 |
| a |
|
Волга-реченька |
| e |
|
Помню майский день... |
| 1 |
|
700 1 |
| a |
|
Пономаренко |
| b |
|
Г. |
| 1 |
|
702 1 |
| a |
|
Палькин |
| b |
|
Н. |
| 4 |
|
520 |
| 464 |
Аналитический уровень |
_0 |
| 1 |
|
2001 |
| a |
|
Люблю тебя, моя Россия |
| e |
|
Земля моя, ты мужеством красива... |
| 1 |
|
700 1 |
| a |
|
Кутузов |
| b |
|
Н. |
| 1 |
|
702 1 |
| a |
|
Шишкина |
| b |
|
В. |
| 4 |
|
520 |
| 512 |
Заглавие обложки |
1_ |
| a |
Заглавие обложки |
Песни из репертуара Людмилы Зыкиной |
| 600 |
Персоналии |
_1 |
| a |
Персоналии (Фамилия) |
Зыкина, Людмила Георгиевна |
| 606 |
Тематические рубрики |
0_ |
| a |
Основная рубрика |
Песни советских композиторов |
| 610 |
Ключевые слова |
0_ |
| a |
Ключевые слова |
песни советских композиторов |
| 610 |
Ключевые слова |
0_ |
| a |
Ключевые слова |
Зыкина Л. Г. |
| 686 |
Индексы других классификаций |
__ |
| a |
Классификационный индекс |
85.943.4-42-041(2)я43 |
| 2 |
Код системы |
rubbk |
| 702 |
Вторичная интеллектуальная ответственность |
_1 |
| a |
Фамилия |
Зацарный |
| b |
Имя (инициалы) |
Ю. А. |
| 4 |
Код отношения |
220 |
| 801 |
Источник записи |
_0 |
| a |
Страна |
RU |
| b |
Организация |
Ульяновская ОНБ |
| c |
Дата составления |
20210330 |
| g |
Правила каталогизации |
PSBO |
| 801 |
Источник записи |
_1 |
| a |
Страна |
RU |
| b |
Организация |
Ульяновская ОНБ |
| c |
Дата составления |
20210330 |
| 901 |
Тип документа |
__ |
| t |
Тип документа |
m |
| 909 |
Создатель записи |
__ |
| a |
Создатель записи |
Грязнова И. Е. |
| 938 |
Служебная информация |
__ |
| a |
Имя БД |
noti |
| b |
Имя библиотеки |
УОНБ |
| c |
Имя АИБС |
МАРК-SQL |
| d |
Номер DOC_ID в БД |
3787 |